Las sacas : (Record no. 177327)
[ view plain ]
| 000 -LEADER | |
|---|---|
| campo de control de longitud fija | 01212nam a2200325 4500 |
| 001 - NÚMERO DE CONTROL | |
| campo de control | 177327 |
| 003 - IDENTIFICADOR DE NÚMERO DE CONTROL | |
| campo de control | ES-MaACL |
| 005 - FECHA Y HORA DE LA ÚLTIMA TRANSACCIÓN | |
| campo de control | 20230907112423.0 |
| 008 - DATOS DE LONGITUD FIJA--INFORMACIÓN GENERAL | |
| campo de control de longitud fija | 110315s2005 sp abco |||| |bspa d |
| 017 ## - NÚMERO DE COPYRIGHT O DE DEPÓSITO LEGAL | |
| Número de copyright o de depósito legal | C - 864- 2005 |
| 020 ## - NÚMERO INTERNACIONAL ESTÁNDAR DEL LIBRO | |
| Número Internacional Estándar del Libro | 8484851842 |
| 080 ## - NÚMERO DE LA CLASIFICACIÓN DECIMAL UNIVERSAL | |
| Número de la Clasificación Decimal Universal | 929 Escobal, Patricio P. |
| 080 ## - NÚMERO DE LA CLASIFICACIÓN DECIMAL UNIVERSAL | |
| Número de la Clasificación Decimal Universal | 343.819.7(460)"1936/39" |
| 080 ## - NÚMERO DE LA CLASIFICACIÓN DECIMAL UNIVERSAL | |
| Número de la Clasificación Decimal Universal | 94(460)"1936/39" |
| 100 1# - ENTRADA PRINCIPAL--NOMBRE DE PERSONA | |
| Nombre de persona | Escobal, Patricio P. |
| 9 (RLIN) | 145649 |
| 245 14 - MENCIÓN DEL TÍTULO | |
| Título | Las sacas : |
| Resto del título | [memorias] / |
| Mención de responsabilidad, etc. | Patricio P. Escobal ; edición de María Teresa González de Garay. |
| 260 ## - PUBLICACIÓN, DISTRIBUCIÓN, ETC. | |
| Lugar de publicación, distribución, etc. | [Sada (La Coruña)] : |
| Nombre del editor, distribuidor, etc. | Ediciós do Castro, |
| Fecha de publicación, distribución, etc. | [2005] |
| 300 ## - DESCRIPCIÓN FÍSICA | |
| Extensión | 333 p. : |
| Otras características físicas | il. ; |
| Dimensiones | 24 cm. |
| 490 1# - MENCIÓN DE SERIE | |
| Mención de serie | Biblioteca del exilio. Memoria del exilio ; |
| Designación de volumen o secuencia | 8 |
| 504 ## - NOTA DE BIBLIOGRAFÍA, ETC. | |
| Nota de bibliografía, etc. | Bibliografía: p. 63-65. |
| 600 14 - PUNTO DE ACCESO ADICIONAL DE MATERIA--NOMBRE DE PERSONA | |
| Nombre de persona | Escobal, Patricio P. |
| 9 (RLIN) | 145649 |
| 651 #4 - PUNTO DE ACCESO ADICIONAL DE MATERIA--NOMBRE GEOGRÁFICO | |
| Nombre geográfico | España- |
| Subdivisión general | Historia- |
| Subdivisión cronológica | 1936-1939, Guerra civil- |
| Subdivisión general | Prisioneros. |
| 9 (RLIN) | 8324 |
| 700 1# - ENTRADA AGREGADA--NOMBRE PERSONAL | |
| Nombre de persona | González de Garay, María Teresa. |
| 9 (RLIN) | 58541 |
| 830 1# - PUNTO DE ACCESO ADICIONAL DE SERIE-TÍTULO UNIFORME | |
| Título uniforme | Biblioteca del exilio. Memoria del exilio ; |
| Designación de volumen o secuencia | 8 |
| 9 (RLIN) | 183188 |
| 852 ## - LOCALIZACIÓN | |
| Ubicación | ES-MaACL |
| itemnumber | 184145 |
| Sublocalización o colección | R 145382 |
| Número de control de estantería | A-11034 |
| Signatura antigua | Olim: N-4039 |
| Ubicación en estantería | Depósito 1 |
| 903 ## - NOMBRE PERSONAL DE DONANTE | |
| 9 | 234040 |
| a | Esteban, José |
| e | Donante |
| 942 ## - ELEMENTOS DE ENTRADA SECUNDARIOS (KOHA) | |
| Fuente del sistema de clasificación o colocación | Clasificación decimal universal |
| Tipo de ítem Koha | Libro impreso |
| Estatus retirado | Estado de pérdida | Fuente del sistema de clasificación o colocación | Estado de daño | No para préstamo | Biblioteca de origen | Biblioteca actual | Ubicación en estantería | Fecha de adquisición | Fuente de adquisición | Total de préstamos | Signatura topográfica completa | Código de barras | Visto por última vez | Precio de reemplazo | Tipo de ítem Koha |
|---|---|---|---|---|---|---|---|---|---|---|---|---|---|---|---|
| Clasificación decimal universal | Biblioteca del Ateneo de Madrid | Biblioteca del Ateneo de Madrid | Depósito 1 | 15/03/2011 | Donación | A-11034 | 1186244 | 23/02/2023 | 23/02/2023 | Libro impreso |
